<?xml version="1.0" encoding="UTF-8"?>
<record
    xmlns:xsi="http://www.w3.org/2001/XMLSchema-instance"
    xsi:schemaLocation="http://www.loc.gov/MARC21/slim http://www.loc.gov/standards/marcxml/schema/MARC21slim.xsd"
    xmlns="http://www.loc.gov/MARC21/slim">

  <leader>00861aaa a2200217 a 4500</leader>
  <controlfield tag="001">81171</controlfield>
  <controlfield tag="003">BD-RjUL</controlfield>
  <controlfield tag="005">20230206102203.0</controlfield>
  <controlfield tag="008">230206s1359    u  ||||| |||| 00| 0 ara d</controlfield>
  <datafield tag="035" ind1=" " ind2=" ">
    <subfield code="a">(BD-RjUL)81171</subfield>
  </datafield>
  <datafield tag="040" ind1=" " ind2=" ">
    <subfield code="a">BD-RjUL</subfield>
    <subfield code="b">eng</subfield>
    <subfield code="c">BD-RjUL</subfield>
  </datafield>
  <datafield tag="041" ind1=" " ind2=" ">
    <subfield code="a">ara</subfield>
  </datafield>
  <datafield tag="082" ind1=" " ind2=" ">
    <subfield code="2">23</subfield>
    <subfield code="a">340.59</subfield>
    <subfield code="b">HAK 1966</subfield>
  </datafield>
  <datafield tag="100" ind1=" " ind2=" ">
    <subfield code="a"> Al-Hamadhani   &#x627;&#x644;&#x647;&#x645;&#x630;&#x627;&#x646;&#x64A;</subfield>
    <subfield code="9">6843</subfield>
  </datafield>
  <datafield tag="245" ind1="1" ind2="0">
    <subfield code="a">&#x643;&#x62A;&#x627;&#x628; &#x627;&#x644;&#x627;&#x639;&#x62A;&#x628;&#x627;&#x631; &#x641;&#x64A; &#x628;&#x64A;&#x627;&#x646; &#x627;&#x644;&#x646;&#x627;&#x633;&#x62E; &#x648;&#x627;&#x644;&#x645;&#x646;&#x633;&#x648;&#x62E; &#x645;&#x646; &#x627;&#x644; &#x622;&#x62B;&#x627;&#x631; / Kit&#x101;b al-I&#x2BB;tib&#x101;r f&#x12B; bay&#x101;n al-n&#x101;sikh wa-al-mans&#x16B;kh min al &#x101;th&#x101;r /</subfield>
    <subfield code="c">&#x62A;&#x635;&#x646;&#x641; &#x623;&#x628;&#x64A; &#x628;&#x643;&#x631; &#x645;&#x62D;&#x645;&#x62F; &#x628;&#x646; &#x645;&#x648;&#x633;&#x649; &#x628;&#x646; &#x639;&#x62B;&#x645;&#x627;&#x646; &#x628;&#x646; &#x62D;&#x627;&#x632;&#x645; &#x627;&#x644;&#x647;&#x645;&#x630;&#x627;&#x646;&#x64A;. ta&#x1E63;nif Ab&#x12B; Bakr Mu&#x1E25;ammad ibn M&#x16B;s&#xE1; ibn &#x2BB;Uthm&#x101;n ibn &#x1E24;&#x101;zim al-Hamdh&#x101;n&#x12B;.,</subfield>
  </datafield>
  <datafield tag="250" ind1=" " ind2=" ">
    <subfield code="a">2nd.ed</subfield>
  </datafield>
  <datafield tag="260" ind1=" " ind2=" ">
    <subfield code="a">N/A</subfield>
    <subfield code="b">N/A</subfield>
  </datafield>
  <datafield tag="300" ind1=" " ind2=" ">
    <subfield code="a">254 p. ;</subfield>
    <subfield code="c">23</subfield>
  </datafield>
  <datafield tag="650" ind1=" " ind2=" ">
    <subfield code="2">Customary law (Islamic law)</subfield>
  </datafield>
  <datafield tag="942" ind1=" " ind2=" ">
    <subfield code="2">ddc</subfield>
    <subfield code="c">BK</subfield>
  </datafield>
  <datafield tag="999" ind1=" " ind2=" ">
    <subfield code="c">81171</subfield>
    <subfield code="d">81171</subfield>
  </datafield>
  <datafield tag="952" ind1=" " ind2=" ">
    <subfield code="0">0</subfield>
    <subfield code="1">0</subfield>
    <subfield code="2">ddc</subfield>
    <subfield code="4">0</subfield>
    <subfield code="7">1</subfield>
    <subfield code="8">NFIC</subfield>
    <subfield code="a">RUCL</subfield>
    <subfield code="b">RUCL</subfield>
    <subfield code="c">Reading</subfield>
    <subfield code="d">1973-10-13</subfield>
    <subfield code="e">Quan manjil, Rajshahi</subfield>
    <subfield code="g">9.00</subfield>
    <subfield code="l">0</subfield>
    <subfield code="o">A 340.59 HAK 1966</subfield>
    <subfield code="r">2023-02-06 00:00:00</subfield>
    <subfield code="t">C-1</subfield>
    <subfield code="w">2023-02-06</subfield>
    <subfield code="y">BK</subfield>
  </datafield>
</record>
